| 000 | 00465nam a2200169 i 4500 | ||
|---|---|---|---|
| 001 | 44497 | ||
| 003 | ES-MaACL | ||
| 005 | 20230906161037.0 | ||
| 007 | t| | ||
| 008 | 030321s1973 sp ||||1| spa d | ||
| 100 | 1 |
_aClemente, Josep Carles. _939196 |
|
| 245 | 1 | 4 |
_aUna cultura en crisis / _cJosep Carles Clemente. |
| 250 | _a[1ª ed.]. | ||
| 260 |
_a[Barcelona] : _bPlaza & Janés, _c[1973] |
||
| 300 |
_a288 p. ; _c20 cm. |
||
| 852 |
_aES-MaACL _jC-54936 _bR.87535 |
||
| 999 |
_c44497 _d44497 |
||